000 00929nam a2200301 a 4500
008
020 _a9780753507032 (paperback)
040 _aNUST
_cNUST
049 _aMAIN
090 _aRC280.B8
_bPLA
100 1 _aPlant, Jane.,
_aauthor.
245 1 0 _aThe plant programme/
_c Jane Plant & Gill Tidey.
260 _aLondon :
_bVirgin Books,
_c2001.
300 _avi, 249 pages :
_billustrations ;
_c20 cm.
336 _atext
_btxt
_2rdacontent
337 _aunmediated
_bn
_2rdamedia
338 _avolume
_bnc
_2rdacarrier
500 _aIncludes index.
650 1 _aBreast
_xCancer
_vDiet therapy.
650 _aBreast
_xCancer
_vPrevention.
650 _aBreast
_xCancer
_vTreatment.
650 _aCooking (Natural foods).
700 _aTidey, Gill.,
_aauthor.
907 _a.b1041230x
_b03-11-21
_c03-11-21
003
005 20230120204333.0
942 _cBOOKS
_kRC280.B8
_mPLA
999 _c121456
_d121456